000 00523nam a22001697a 4500
003 OSt
005 20240927004823.0
008 240927b |||||||| |||| 00| 0 eng d
040 _c0
082 _aDPer 050 R22 2000 January-May 2023 v123 no. 719-723
100 _a Heid, Markham.
_961725
245 _aSo you've had it rough? good! /
_cMarkham Heid.
260 _aTaipei ;
_bReader's Digest Asia,
_cMay 2023.
300 _aVolume 123, pages 58-65,
_billustration.
700 _a Heid, Markham.
_961725
942 _2ddc
_cPER
999 _c21949
_d21949